000 00786nas a2200265 4500
001 BR0808093
003 BR-BrBNA
005 20231205112812.0
007 ta
008 230509b bl.|||p| |||| 00| 00por d
040 _aBR-BrBNA
_bpor
_cBiblioteca Nacional de Agricultura
041 _a(Pt)
072 _aL40
100 1 _aZanco, N.A.
100 1 _aReginato, A.L.
100 1 _aMigliano, M.A.
100 1 _aDidio, L.J.A.
245 1 _aA constituição da veia porta em bovinos da raça Nelore
650 _aBOVINO
650 _aANATOMIA ANIMAL
650 _aVEIA
773 0 _tBrazilian Journal of Veterinary Research and Animal Science (Brazil)
_xISSN 1413-9596
_g(1994), v. 31(1) p. 13-18
_wBR0808093
909 _a202311
_bLúcia
_c55
_dLúcia Elande
942 _2AGRIS
_n0
_cANA
999 _c200068
_d200068